[Event "Budapest FS03 IM"]
[Site "Budapest"]
[Date "2021.03.07"]
[Round "2"]
[White "Franchini, Gabriele"]
[Black "Parkanyi, Attila"]
[Result "1-0"]
[WhiteElo "2222"]
[BlackElo "2252"]
[PlyCount "95"]
[EventDate "2021.03.06"]
[EventType "tourn"]
[EventRounds "9"]
[EventCountry "HUN"]
[EventCategory "1"]
[SourceTitle "EXT 2022"]
[Source "ChessBase"]
[SourceDate "2021.10.06"]
[SourceVersion "1"]
[SourceVersionDate "2021.10.06"]
[SourceQuality "1"]

1. e4 c5 2. Nf3 Nc6 3. Bb5 g6 4. Bxc6 dxc6 5. d3 Bg7 6. 0-0 e5 7. h3 Ne7 8. Be3 b6 9. a3 0-0 10. b4 cxb4 11. axb4 h6 12. Qd2 Kh7 13. Qc3 Qc7 14. Nbd2 Be6 15. Ra6 Rad8 16. Rfa1 Nc8 17. d4 exd4 18. Bxd4 Bxd4 19. Nxd4 Rfe8 20. N2f3 Bd7 21. Nb5 Qb7 22. Nxa7 Nd6 23. Qd4 Nxe4 24. Qxb6 Qxb6 25. Rxb6 Rb8 26. Rxb8 Rxb8 27. Ne5 Be8 28. Nexc6 Bxc6 29. Nxc6 Rb6 30. Ne5 Rxb4 31. Ra7 g5 32. f3 Rb1+ 33. Kh2 Nd2 34. Rxf7+ Kg8 35. Rc7 Re1 36. Ng4 Re6 37. Rd7 Nf1+ 38. Kg1 Ng3 39. Rd5 Nh5 40. Kf2 Nf4 41. Rd8+ Kg7 42. Ne3 h5 43. Nd5 Ng6 44. Rd7+ Kh6 45. g3 Rc6 46. Ne3 Rf6 47. c4 Ne5 48. Rd6 1-0